000 00758nam a2200253Ia 4500
003 OSt
005 20221006160602.0
006 a|||||r|||| 00| 0
007 ta
008 221006b |||||||| |||| 00| 0 eng d
024 _a45,553
037 _cSeries Articles
040 _aEASL
_cEASL
_beng
041 _2eng
_aeng
100 _aFischer Andrew M.
_9674259
245 0 _aSubsidizing Tibet
_b An Interprovincial Comprison of Western China up to the End of the Hu-Wen Administration
260 _aCambridge
_bCambridge Univesity Press
_c2015
300 _a73-99 Pp.
_ccm.
490 _v221
650 _a Tibet - Subsidizing - China
_9674260
650 _aChina
942 _cREF
_2CC
999 _c1113645
_d1113645